| 000 | 01105nam a2200277Ia 4500 | ||
|---|---|---|---|
| 003 | OSt | ||
| 005 | 20220104114542.0 | ||
| 008 | 210310s1958 mx fr 001 0 spa d | ||
| 040 |
_aCO-JMCR _cCO-JMCR |
||
| 041 | 1 |
_aspa _heng |
|
| 082 | 0 | 4 |
_a330.1 / _bL673t _223 |
| 100 | 1 |
_aLewis, William Arthur, _918134 _eautor |
|
| 245 | 1 | 0 |
_aTeoría del desarrollo económico / _cW. Arthur Lewis ; [traducción de Rodolfo Stavenhagen y Oscar Soberón] |
| 250 | _aPrimera edición en español | ||
| 260 |
_aMéxico : _bFondo de Cultura Económica, _c1958. |
||
| 300 |
_a499 páginas ; _c20 cm. |
||
| 490 | 0 | _aSección de obras economía | |
| 500 | _aIncluye índice analítico. Título original: The theory of economic growth | ||
| 505 | 0 | _aLa voluntad de economizar -- Instituciones económicas -- El conocimiento -- El capital -- Población y recursos --Gobierno | |
| 546 | _aTraducido del inglés. | ||
| 650 | 1 | 4 |
_aEconomía _918136 _vTeorías |
| 650 | 1 | 2 | _aDesarrollo económico |
| 700 | 1 |
_aStavenhagen, Rodolfo, _etraductor _926258 |
|
| 700 | 1 |
_aSoberón, Oscar, _etraductor _941826 |
|
| 942 |
_2ddc _cBK |
||
| 999 |
_c8735 _d8735 |
||